000 00364nam a2200145Ia 4500
008 231129s2002||||xx |||||||||||||| ||spa||
020 _a84-339-6817-3
040 _bspa
082 _aE863.6 M379i
100 _aMartí­n Gaite Carmen
245 0 _aIrse de casa
260 _c2002
264 _aAnagrama
942 _2ddc
_cBKS
999 _c16019
_d16019